000 00665nam a2200217 a 4500
001 000016994
003 DO-SdBNP
005 20220222101239.0
007 ta
008 100312s 19uu dr 000 0 spa d
040 _aDO-SdBNP
_bspa
_cBNPHU
049 _aBNPD
082 4 _aBNPHU
_bD542m
_222
100 1 _aDíaz Ch., Santo Amaro
_937545
245 1 0 _aManual sobre comercio, porte y tenencia de armas de fuego en República Dominicana :
_borientación y guia para el ciudadano /
_cSanto Amaro Díaz Ch.
260 _aSanto Domingo :
_bAMALBA,
_c[s.f.].
300 _a73 p. ;
_c21 cm.
590 _aInventariado, 2021/BT
910 _aBtavárez
942 _2ddc
_cLBS1
999 _c16522
_d16522